MANIPAL MANUAL OF SURGERY (Record no. 15103)

MARC details
000 -LEADER
fixed length control field 00345nam a22001577a 4500
003 - CONTROL NUMBER IDENTIFIER
control field SGT
020 ## - INTERNATIONAL STANDARD BOOK NUMBER
International Standard Book Number 978-81-239-2416-8
082 ## - DEWEY DECIMAL CLASSIFICATION NUMBER
Classification number 617
Item number M17S
100 ## - MAIN ENTRY--PERSONAL NAME
Personal name SHENOY,RAJGOPAL.K.
245 ## - TITLE STATEMENT
Title MANIPAL MANUAL OF SURGERY
250 ## - EDITION STATEMENT
Edition statement 4TH
260 ## - PUBLICATION, DISTRIBUTION, ETC. (IMPRINT)
Place of publication, distribution, etc NEW DELHI
Name of publisher, distributor, etc C.B.S PUB
Year of Publication 2017
300 ## - PAGE DESCRIPTION
No. of Pages 1193
650 ## - SUBJECT ADDED ENTRY--TOPICAL TERM
Topical term or geographic name as entry element AYURVEDA
942 ## - ADDED ENTRY ELEMENTS (KOHA)
Source of classification or shelving scheme Dewey Decimal Classification
Koha item type Books
942 ## - ADDED ENTRY ELEMENTS (KOHA)
-- 21
Holdings
Withdrawn status Lost status Source of classification or shelving scheme Damaged status Not for loan Collection code Home library Current library Shelving location Date acquired Vendor Name Cost, normal purchase price SGTU Bill Number Total Checkouts Full call number Accession No. (Barcode) Date last seen Date last borrowed Bill Date Koha item type Use restrictions
    Dewey Decimal Classification     AYURVEDA SGT FA-FP Library SGT FA-FP Library Text Book 06/02/2018 AHUJA PUB 1195.00 SGTU 9136 10 617 M17S FA8189 28/03/2024 28/03/2024 04/01/2018 Books  
    Dewey Decimal Classification     AYURVEDA SGT FA-FP Library SGT FA-FP Library Reference Book 06/02/2018 AHUJA PUB 1195.00 SGTU 9136 15 617 M17S FA8190 14/12/2021 14/12/2021 04/01/2018 Books Restricted Access
    Dewey Decimal Classification     AYURVEDA SGT FA-FP Library SGT FA-FP Library Text Book 06/02/2018 AHUJA PUB 1195.00 SGTU 9136 13 617 M17S FA8191 15/04/2021 15/04/2021 04/01/2018 Books  
    Dewey Decimal Classification     AYURVEDA SGT FA-FP Library SGT FA-FP Library Text Book 06/02/2018 AHUJA PUB 1195.00 SGTU 9136 8 617 M17S FA8192 20/12/2024 06/12/2024 04/01/2018 Books  
    Dewey Decimal Classification     AYURVEDA SGT FA-FP Library SGT FA-FP Library Text Book 06/02/2018 AHUJA PUB 1195.00 SGTU 9136 22 617 M17S FA8193 07/08/2025 07/08/2025 04/01/2018 Books  
    Dewey Decimal Classification     AYURVEDA SGT FA-FP Library SGT FA-FP Library Text Book 06/02/2018 AHUJA PUB 1195.00 SGTU 9136 12 617 M17S FA8194 19/02/2024 05/02/2024 04/01/2018 Books  
    Dewey Decimal Classification     AYURVEDA SGT FA-FP Library SGT FA-FP Library Text Book 06/02/2018 AHUJA PUB 1195.00 SGTU 9136 9 617 M17S FA8195 23/02/2021 23/02/2021 04/01/2018 Books  
    Dewey Decimal Classification     AYURVEDA SGT FA-FP Library SGT FA-FP Library Text Book 06/02/2018 AHUJA PUB 1195.00 SGTU 9136 3 617 M17S FA8196 25/04/2025 25/04/2025 04/01/2018 Books  
    Dewey Decimal Classification     AYURVEDA SGT FA-FP Library SGT FA-FP Library Text Book 06/02/2018 AHUJA PUB 1195.00 SGTU 9136 17 617 M17S FA8197 07/06/2023 22/05/2023 04/01/2018 Books  
    Dewey Decimal Classification     AYURVEDA SGT FA-FP Library SGT FA-FP Library Text Book 06/02/2018 AHUJA PUB 1195.00 SGTU 9136   617 M17S FA8198 06/02/2018   04/01/2018 Books